01744nam a2200157 a 4500008004100000020001800041041000800059100002200067245005700089250001200146260003500158300002100193500009100214505126600305655001501571200311s2015 A ||||er|||| 001 0 SPA d a9789504928362 aspa1 aRolón, Gabriel. aEncuentros. bEl lado B del amor /cGabriel Rolón. a20a ed. aBuenos Aires:bPlaneta;c2015. a288 p.b21x14 cm aRolón, G. (2015). Encuentros. El lado B del amor. (20a ed.). Buenos Aires : Planeta. a"No es cierto que el amor todo lo puede. No es cierto que el que ama no puede engañar. No es cierto que a la relación amorosa no haya que ponerle condiciones. No es cierto que el amor y el deseo vayan siempre de la mano. Pero decir que todo esto no es cierto no implica que sea imposible", escribe Gabriel Rolón en el epílogo de su nuevo libro. Y es que, en contra de los esperable -y esperado- de un libro sobre el amor, Encuentro se mete de lleno en los pliegues de un tema tan viejo como la humanidad: los celos y el deseo, la infidelidad, la pareja y la sexualidad, las relaciones entre padres e hijos, el enamoramiento y la ilusión vana de lo "eterno". Así, ese "lado B del amor" cuestiona esos lugares comunes que atraviesan el decir cotidiano y que, más de una vez, nos hacen tomar decisiones equivocadas que nos precipitan hacia la angustia, el dolor y la desilusión. Sin embargo, lejos de una postura cínica o sombría, la siempre lúcida y aguda mirada del autor de Historias de diván arroja luz y hace de Encuentros -fruto de una ida y vuelta, cara a cara, entre el autor y los lectores -un material indispensable para entender que, a pesar de las asperezas, el amor es, sin lugar a dudas, el motor más importante de la vida.  aLiteratura